000 00234nam a2200097Ia 4500
008 200302s9999 xx 000 0 und d
100 _aAuthor
245 _aLetraset Lettering Numerals
260 _bLetraset Export Ltd.
300 _a121 P.,
999 _c2286
_d2286